000 00394nam a2200133Ia 4500
008 220217s9999||||xx |||||||||||||| ||und||
020 _a978-81-265-1661-2
082 _a621.395 OLD
100 _aOldfield, John, V and Dorf, Richard, C
_96058
245 0 _aField programmable gate arrays
260 _aJohn wiely and sons, Inc.
_bNew Delhi
_c2008
300 _b349
650 _aELECTRONICS
999 _c177388
_d177388